Készletgazdálkodási stratégiák áttekintése és optimalizálása ABC-XYZ elemzéssel a Lightware Zrt. esetében

Bibliographic Details
Main Author: Zewde Réka Márta
Other Authors: Csekő Dr. Katalin
Format: Thesis
Kulcsszavak:anyagellátási tevékenység
árukészlet
ellátási lánc - ellátó hálózat
készletgazdálkodás
logisztika
Online Access:http://dolgozattar.uni-bge.hu/59975

MARC

LEADER 00000nta a2200000 i 4500
001 dolg59975
005 20260409145823.0
008 260409suuuu hu om 000 hun d
040 |a BGE Dolgozattár Repozitórium  |b hun 
041 |a hu 
100 1 |a Zewde Réka Márta 
245 1 0 |a Készletgazdálkodási stratégiák áttekintése és optimalizálása ABC-XYZ elemzéssel a Lightware Zrt. esetében  |c Zewde Réka Márta  |h [elektronikus dokumentum] 
520 3 |a A szakdolgozat célja a készletgazdálkodási stratégiák áttekintése és optimalizálása az ABC–XYZ elemzés alkalmazásával a Lightware Zrt. gyakorlatában. Bemutatásra kerülnek a készletgazdálkodás elméleti alapjai, mint az EOQ modell, a rendelési pont módszer, a Newsvendor modell, valamint az ABC- és XYZ-elemzések, illetve a biztonsági készletek szerepe és előrejelzés. A kutatás kvalitatív (szakértői interjúk) és kvantitatív módszerekkel vizsgálja meg a vállalat készletkezelési folyamatait, azonosítva a fejlesztési lehetőségeket. Az elemzés alapján javaslatok születtek a készletezési hatékonyság növelésére, amelyek várhatóan hozzájárulnak a készlethiányok és a túlkészletezés mérsékléséhez, ezáltal a működési költségek csökkentéséhez és a szolgáltatási színvonal javításához. 
695 |a anyagellátási tevékenység 
695 |a árukészlet 
695 |a ellátási lánc - ellátó hálózat 
695 |a készletgazdálkodás 
695 |a logisztika 
700 1 |a Csekő Dr. Katalin  |e ths 
856 4 0 |u http://dolgozattar.uni-bge.hu/59975/1/K%C3%A9szletgazd%C3%A1lkod%C3%A1si%20strat%C3%A9gi%C3%A1k%20%C3%A1ttekint%C3%A9se%20%C3%A9s%20optimaliz%C3%A1l%C3%A1sa%20ABC-XYZ%20elemz%C3%A9ssel%20a%20Lightware%20Zrt.%20eset%C3%A9ben.pdf  |z Dokumentum-elérés 
856 4 0 |u http://dolgozattar.uni-bge.hu/59975/2/MA%20ELM_Zewde_R%C3%A9ka%20b%C3%ADr%C3%A1lati%20lap.pdf  |z Dokumentum-elérés 
856 4 0 |u http://dolgozattar.uni-bge.hu/59975/3/Zewde_k%C3%BCls%C5%91_b%C3%ADr%C3%A1lat.pdf  |z Dokumentum-elérés